Práca a sociálny rozvoj v 8. päťročnici 7. konferencia. Zborník. Boboty-Terchová-Vrátna dolina 4.-5.11. 1986
Salvato in:
| Natura: | Libro |
|---|---|
| Lingua: | slovacco |
| Pubblicazione: |
Banská Bystrica
Dom techn. ČSVTS
1987
|
| Edizione: | 1. vyd. |
| Tags: |
Nessun Tag, puoi essere il primo ad aggiungerne!!
|
MARC
| LEADER | 00000nam a2200000 4500 | ||
|---|---|---|---|
| 001 | c041166 | ||
| 005 | 20221219094947.5 | ||
| 041 | 0 | |a slo | |
| 044 | |a SK | ||
| 245 | 1 | 0 | |a Práca a sociálny rozvoj v 8. päťročnici |b 7. konferencia. Zborník. Boboty-Terchová-Vrátna dolina 4.-5.11. 1986 |
| 250 | |a 1. vyd. | ||
| 264 | 1 | |a Banská Bystrica |b Dom techn. ČSVTS |c 1987 | |
| 300 | |a 226 s. | ||